Loading...

Laghuvibhaktyardha nirnayanuseelanam/

Bibliografiske detaljer
Hovedforfatter: Bharatbhushan Tripadi
Format: Printed Book
Udgivet: Varanasi: Bharateey Vidya Prakasan, 2010.
Fag:
LEADER 00629nam a22001697a 4500
020 |a 9789381189030 
082 |a S 491.25  |b BHA/L 
100 |a Bharatbhushan Tripadi  |9 33034 
245 |a Laghuvibhaktyardha nirnayanuseelanam/  |c by Bharatbhushan Tripadi. 
260 |a Varanasi:  |b Bharateey Vidya Prakasan,  |c 2010. 
300 |a 86p. 
650 |a Grammar Sanskrit  |9 33035 
650 |a Language Sanskrit  |9 33036 
650 |a Language  |9 33037 
942 |c BK 
999 |c 70047  |d 70047 
952 |0 0  |1 0  |4 0  |6 S_491_250000000000000_BHA_L  |7 0  |9 90536  |a SSUS  |b SSUS  |c STACKS  |d 2018-02-05  |g 110.00  |l 3  |m 1  |o S 491.25 BHA/L  |p 087299  |r 2019-10-16  |s 2019-07-19  |w 2018-02-05  |y BK